<?xml version="1.0" encoding="UTF-8"?>
<record
    xmlns:xsi="http://www.w3.org/2001/XMLSchema-instance"
    xsi:schemaLocation="http://www.loc.gov/MARC21/slim http://www.loc.gov/standards/marcxml/schema/MARC21slim.xsd"
    xmlns="http://www.loc.gov/MARC21/slim">

  <leader>02897nam a22003017a 4500</leader>
  <controlfield tag="003">OSt</controlfield>
  <controlfield tag="005">20210223113840.0</controlfield>
  <controlfield tag="008">210223s1995    ck a|||gr|||| 00| 0 spa d</controlfield>
  <datafield tag="020" ind1=" " ind2=" ">
    <subfield code="a">9589566898</subfield>
  </datafield>
  <datafield tag="040" ind1=" " ind2=" ">
    <subfield code="a">CO-JMCR</subfield>
    <subfield code="c">CO-JMCR</subfield>
  </datafield>
  <datafield tag="041" ind1="0" ind2=" ">
    <subfield code="a">spa</subfield>
  </datafield>
  <datafield tag="082" ind1="0" ind2="4">
    <subfield code="a">102 / </subfield>
    <subfield code="b">B748v</subfield>
    <subfield code="2">23</subfield>
  </datafield>
  <datafield tag="100" ind1="1" ind2=" ">
    <subfield code="a">Botero Uribe, Dar&#xED;o,</subfield>
    <subfield code="e">autor</subfield>
    <subfield code="9">13805</subfield>
  </datafield>
  <datafield tag="245" ind1="1" ind2="0">
    <subfield code="a">Vida, &#xE9;tica y democracia / </subfield>
    <subfield code="c">Dar&#xED;o Botero Uribe</subfield>
  </datafield>
  <datafield tag="260" ind1=" " ind2=" ">
    <subfield code="a">Bogot&#xE1; : </subfield>
    <subfield code="b">Instituto para el Desarrollo de la Democracia Luis Carlos Gal&#xE1;n, </subfield>
    <subfield code="c">1995 impresi&#xF3;n</subfield>
  </datafield>
  <datafield tag="300" ind1=" " ind2=" ">
    <subfield code="a">187 p&#xE1;ginas : </subfield>
    <subfield code="b">ilustraciones a blanco y negro ; </subfield>
    <subfield code="c">24 cm.</subfield>
  </datafield>
  <datafield tag="490" ind1="0" ind2=" ">
    <subfield code="a">Programa educaci&#xED;on para la democracia</subfield>
  </datafield>
  <datafield tag="500" ind1=" " ind2=" ">
    <subfield code="a">Incluye notas a pie de p&#xE1;gina.</subfield>
  </datafield>
  <datafield tag="505" ind1="0" ind2=" ">
    <subfield code="a">Sobre &#xE9;ste libro -- Cr&#xED;tica del concepto de absoluto -- Filosof&#xED;a de la vida -- El fundamento de la &#xE9;tica -- El concepto de libertad -- La autoeducaci&#xF3;n -- La superaci&#xF3;n del trabajo -- Las ideolog&#xED;as en torno al trabajo -- Un horizonte de posibles -- Del poder-saber al saber-poder -- Acerca del t&#xED;tulo del poder-saber al saber-poder -- La democracia: o como armonizar el inter&#xE9;s con la libertad -- Saber, poder, inter&#xE9;s y deseo --  La pol&#xED;tica como particularidad del esp&#xED;ritu humano -- El mundo de la vida como &#xE1;mbito de la realizaci&#xF3;n humana</subfield>
  </datafield>
  <datafield tag="520" ind1="3" ind2=" ">
    <subfield code="a">No  es posible pensar en la construcci&#xF3;n de la democracia, sin antes detenerse a considerar a la vida y la &#xE9;tica, como dos de los ejes sobre los cuales discurre, fundamental y a veces de manera incierta, la existencia de todo ser humano en sociedad. Gran parte de los discursos elaborados en torno a la necesidad de generar m&#xE1;s espacios para la formaci&#xF3;n de valores, para la resoluci&#xF3;n pac&#xED;fica de los conflictos, para la tolerancia, en fin para nutrir la permanente hechura de una cultura pol&#xED;tica democr&#xE1;tica, pasan de soslayo consideraciones urgentes y necesarias a este respecto. Mas que dos elaborados conceptos, ocasionalmente empleados con toda su carga sem&#xE1;ntica , vida y &#xE9;tica son imbricados espacios de reflexi&#xF3;n a los cuales, qui&#xE9;rase o no, est&#xE1; estrechamente articulado el devenir de toda aquella sociedad que se precie de transitar senderos posibles, ciertos, en busca de fortalecer su organizaci&#xF3;n pol&#xED;tica. Esta es la principal de la virtudes del nuevo texto de Dar&#xED;o Botero Uribe, profesor titular y maestro de la Universidad Nacional, que el Instituto para el Desarrollo de la Democracia Luis Carlos Gal&#xE1;n  ofrece a la consideraci&#xF3;n e inter&#xE9;s de la opini&#xF3;n p&#xFA;blica, seguros de que esta obra entrega nuevos aportes para llevar a cabo el necesario ejercicio de escrutar, de modo permanente, el proyecto de educar para la democracia.</subfield>
  </datafield>
  <datafield tag="650" ind1="1" ind2="4">
    <subfield code="a">Filosof&#xED;a</subfield>
    <subfield code="x">ensayos, conferencias, etc.</subfield>
    <subfield code="9">13806</subfield>
  </datafield>
  <datafield tag="650" ind1="1" ind2="4">
    <subfield code="a">Vida</subfield>
    <subfield code="9">501</subfield>
  </datafield>
  <datafield tag="650" ind1="1" ind2="4">
    <subfield code="a">Democracia</subfield>
    <subfield code="9">13807</subfield>
  </datafield>
  <datafield tag="650" ind1="2" ind2="4">
    <subfield code="a">Etica pol&#xED;tica</subfield>
    <subfield code="9">1727</subfield>
  </datafield>
  <datafield tag="650" ind1="2" ind2="4">
    <subfield code="a">&#xC9;tica social </subfield>
    <subfield code="9">13808</subfield>
  </datafield>
  <datafield tag="650" ind1="2" ind2="4">
    <subfield code="a">Cultura pol&#xED;tica</subfield>
    <subfield code="9">2268</subfield>
  </datafield>
  <datafield tag="942" ind1=" " ind2=" ">
    <subfield code="2">ddc</subfield>
    <subfield code="c">BK</subfield>
  </datafield>
  <datafield tag="999" ind1=" " ind2=" ">
    <subfield code="c">7291</subfield>
    <subfield code="d">7291</subfield>
  </datafield>
  <datafield tag="952" ind1=" " ind2=" ">
    <subfield code="0">0</subfield>
    <subfield code="1">0</subfield>
    <subfield code="2">ddc</subfield>
    <subfield code="4">0</subfield>
    <subfield code="7">0</subfield>
    <subfield code="8">NFIC</subfield>
    <subfield code="a">CPL</subfield>
    <subfield code="b">CPL</subfield>
    <subfield code="d">2020-10-02</subfield>
    <subfield code="e">Donaci&#xF3;n</subfield>
    <subfield code="l">1</subfield>
    <subfield code="o">102 /  B748v</subfield>
    <subfield code="p">201810562</subfield>
    <subfield code="r">2025-08-08 08:20:00</subfield>
    <subfield code="s">2025-08-06</subfield>
    <subfield code="t">Ej.1</subfield>
    <subfield code="w">2021-02-23</subfield>
    <subfield code="y">BK</subfield>
  </datafield>
</record>
